[Event "Hastings Masters 2019/20"]
[Site "Hastings"]
[Date "2019.12.31"]
[Round "4.11"]
[White "Willson, Ollie"]
[Black "Fishbein, Alexander"]
[Result "1/2-1/2"]
[WhiteElo "2082"]
[BlackElo "2435"]
[PlyCount "101"]
[EventDate "2019.12.28"]
[EventType "swiss"]
[EventRounds "9"]
[EventCountry "ENG"]

1. d4 Nf6 2. Nf3 g6 3. Nbd2 Bg7 4. e4 d6 5. Bd3 O-O 6. O-O Nbd7 7. Re1 e5 8. c3
b6 9. a4 a6 10. Qc2 Bb7 11. Nf1 Re8 12. Ng3 exd4 13. cxd4 c5 14. d5 c4 15. Qxc4
Nc5 16. Bc2 Rc8 17. Qa2 b5 18. axb5 axb5 19. Bd2 Ra8 20. Qb1 Qb6 21. Rxa8 Rxa8
22. b4 Na4 23. Be3 Qc7 24. Bd4 Ng4 25. Bxg7 Kxg7 26. h3 Ne5 27. Nxe5 dxe5 28.
Bd3 Rc8 29. Bxb5 Nc3 30. Qd3 Qd6 31. Rc1 Qxb4 32. Bc6 Bxc6 33. Qxc3 Qxc3 34.
Rxc3 Bd7 35. Rxc8 Bxc8 36. f3 f5 37. Kf2 Kf6 38. Nf1 f4 39. Nd2 g5 40. Nc4 Ba6
41. Nd2 Ke7 42. Nf1 Bb5 43. Nh2 h5 44. Nf1 Kd6 45. Nd2 Kc5 46. g3 Ba4 47. h4
gxh4 48. gxh4 Kb4 49. Nf1 Bb5 50. Nh2 Kc5 51. Nf1 1/2-1/2

[Event "Hastings Masters 2019/20"]
[Site "Hastings"]
[Date "2019.12.31"]
[Round "4.12"]
[White "Pekin, Tolgay"]
[Black "Merry, Alan B"]
[Result "0-1"]
[WhiteElo "2080"]
[BlackElo "2420"]
[PlyCount "84"]
[EventDate "2019.12.28"]
[EventType "swiss"]
[EventRounds "9"]
[EventCountry "ENG"]

1. e4 e6 2. d4 d5 3. Nd2 c5 4. exd5 Qxd5 5. dxc5 Bxc5 6. Ngf3 Nf6 7. Bc4 Qc6 8.
Qe2 a6 9. Nb3 Be7 10. O-O b5 11. Bd3 O-O 12. Bf4 Nbd7 13. c3 Qb6 14. Ne5 Nxe5
15. Bxe5 Bb7 16. Rad1 Rfd8 17. Bd4 Qc6 18. f3 Qc7 19. Qf2 Nd5 20. Rfe1 Rac8 21.
Be5 Bd6 22. Bxd6 Rxd6 23. Be4 Rcd8 24. Nc5 Ba8 25. Bxd5 Bxd5 26. b3 a5 27. a3
h6 28. b4 Ra8 29. f4 Rdd8 30. Rd2 Qc6 31. Red1 axb4 32. axb4 Ra3 33. Qg3 Rda8
34. f5 Ra1 35. fxe6 fxe6 36. Qe1 Rxd1 37. Qxd1 Ra3 38. Rd3 Qa8 39. Kf2 Ra1 40.
Qg4 Ra2+ 41. Ke3 Rxg2 42. Qh4 Qa2 0-1

[Event "Hastings Masters 2019/20"]
[Site "Hastings"]
[Date "2019.12.31"]
[Round "4.14"]
[White "Fryer, David W"]
[Black "Wadsworth, Matthew J"]
[Result "0-1"]
[WhiteElo "1913"]
[BlackElo "2401"]
[PlyCount "74"]
[EventDate "2019.12.28"]
[EventType "swiss"]
[EventRounds "9"]
[EventCountry "ENG"]

1. e4 e6 2. d3 d5 3. Nd2 c5 4. Ngf3 Nf6 5. g3 Nc6 6. Bg2 Be7 7. O-O b6 8. Re1
Bb7 9. e5 Nd7 10. c3 Qc7 11. d4 cxd4 12. cxd4 Nb4 13. Re3 Qc2 14. Qe1 Qg6 15.
Rc3 Nc2 16. Rxc2 Qxc2 17. Nf1 Ba6 18. Ne3 Qe2 19. Qc3 Rc8 20. Qb3 Bc4 21. Qa4
a5 22. Bd2 Bb5 23. Qb3 a4 24. Qd1 O-O 25. Bf1 Qxd1 26. Rxd1 Bxf1 27. Kxf1 b5
28. h4 h6 29. Kg2 Rc6 30. g4 Nb6 31. b3 axb3 32. axb3 Ra8 33. h5 Ra3 34. Rb1
Ra2 35. Kg3 Bg5 36. Nxg5 Rxd2 37. Nf3 Ra2 0-1

[Event "Hastings Masters 2019/20"]
[Site "Hastings"]
[Date "2019.12.31"]
[Round "4.19"]
[White "Murphy, Conor E"]
[Black "Okhai, Shabir"]
[Result "1-0"]
[WhiteElo "2407"]
[BlackElo "2103"]
[PlyCount "153"]
[EventDate "2019.12.28"]
[EventType "swiss"]
[EventRounds "9"]
[EventCountry "ENG"]

1. e4 e5 2. Nf3 Nc6 3. Bb5 a6 4. Ba4 Nf6 5. O-O Be7 6. Qe2 b5 7. Bb3 O-O 8. c3
d5 9. d3 d4 10. h3 Qd6 11. Bd2 Be6 12. Bxe6 fxe6 13. cxd4 Nxd4 14. Nxd4 Qxd4
15. Be3 Qd6 16. Nd2 Rfd8 17. Nf3 c5 18. b3 Nd7 19. Rac1 Rac8 20. Rfd1 Nf8 21.
h4 Bf6 22. Qc2 Nd7 23. g3 Be7 24. Qb2 Rf8 25. Kg2 Qb8 26. Ng5 Qd6 27. Qe2 Nf6
28. f3 Rfd8 29. Rd2 Rc6 30. Nh3 Qd7 31. Nf2 Qe8 32. Rdc2 Rdc8 33. Rc3 Nh5 34.
Ng4 Bd6 35. Qf2 b4 36. R3c2 Qe7 37. Bd2 R6c7 38. Ne3 Nf6 39. Nc4 Nd7 40. Be3
Qf8 41. g4 Be7 42. Qg3 Qd8 43. g5 Rc6 44. Qg4 Qc7 45. Bf2 Nf8 46. Bg3 Ng6 47.
h5 Nf4+ 48. Bxf4 exf4 49. e5 Qd8 50. g6 Qxd3 51. Rd2 Qf5 52. Rd7 R6c7 53. Rcd1
hxg6 54. hxg6 Kf8 55. Qxf5+ exf5 56. Rh1 Kg8 57. e6 Rxd7 58. exd7 Rc6 59. Ne5
Re6 60. Rd1 Bd8 61. Rd5 Kf8 62. Rxc5 Ke7 63. Kf1 Bb6 64. Rd5 Bc7 65. Nd3 Rxg6
66. Nxb4 Rd6 67. Rxf5 Rxd7 68. Nxa6 Bd6 69. b4 Rb7 70. b5 Ke6 71. Rg5 Kf6 72.
Nc5 Kxg5 73. Nxb7 Bb4 74. a4 Bd2 75. a5 Kf6 76. b6 Ke7 77. a6 1-0

[Event "Hastings Masters 2019/20"]
[Site "Hastings"]
[Date "2019.12.31"]
[Round "4.23"]
[White "Ratsma, Midas"]
[Black "Flear, Christine"]
[Result "1/2-1/2"]
[WhiteElo "2270"]
[BlackElo "2035"]
[PlyCount "89"]
[EventDate "2019.12.28"]
[EventType "swiss"]
[EventRounds "9"]
[EventCountry "ENG"]

1. e4 c5 2. Nf3 Nc6 3. Bb5 d6 4. d4 cxd4 5. Nxd4 Bd7 6. O-O g6 7. Nxc6 Bxc6 8.
Bxc6+ bxc6 9. c4 Bg7 10. Nc3 Nf6 11. Be3 Nd7 12. Qd2 O-O 13. Rad1 a5 14. f4 Nb6
15. Qe2 Qc7 16. Rd2 Bxc3 17. bxc3 c5 18. Rfd1 Qc6 19. Bf2 Qa4 20. Rb2 Qxc4 21.
Bh4 f6 22. Qe3 Na4 23. Rc2 Rab8 24. h3 Rb7 25. Kh2 Rfb8 26. Bg3 Rb2 27. Rdd2
Rxc2 28. Rxc2 Rb1 29. Be1 Ra1 30. e5 fxe5 31. fxe5 Qe6 32. Bg3 Nb6 33. Rf2 Nd7
34. Qf3 dxe5 35. Qa8+ Kg7 36. Qxa5 e4 37. c4 Rc1 38. Bf4 Rxc4 39. Qd2 Rd4 40.
Bh6+ Kg8 41. Qa5 Qd6+ 42. Bf4 Qe6 43. Bh6 Qd6+ 44. Bf4 Qe6 45. Bh6 1/2-1/2

[Event "Hastings Masters 2019/20"]
[Site "Hastings"]
[Date "2019.12.31"]
[Round "4.26"]
[White "Keetman, Maaike"]
[Black "De Coverly, Roger D"]
[Result "1-0"]
[WhiteElo "2203"]
[BlackElo "1986"]
[PlyCount "111"]
[EventDate "2019.12.28"]
[EventType "swiss"]
[EventRounds "9"]
[EventCountry "ENG"]

1. e4 e5 2. Nf3 Nc6 3. Bc4 Be7 4. d4 d6 5. dxe5 dxe5 6. Qxd8+ Bxd8 7. Be3 Nf6
8. Nc3 a6 9. O-O-O Ng4 10. Rhe1 Na5 11. Bf1 Be6 12. Bc5 b6 13. h3 bxc5 14. hxg4
f6 15. g5 O-O 16. gxf6 gxf6 17. Nd5 c4 18. c3 c6 19. Ne3 Bb6 20. Nh4 Rad8 21.
Nhf5 Bc5 22. g3 Kh8 23. Ng4 Rxd1+ 24. Rxd1 Nb7 25. Nge3 Na5 26. Be2 Rg8 27. Ng4
Rf8 28. Kc2 Nb7 29. Nge3 Na5 30. f3 Rg8 31. g4 Rb8 32. Kc1 Rf8 33. Kc2 Rb8 34.
Rh1 Rb7 35. Rh6 Rf7 36. Nf1 Bf8 37. Rh1 Nb7 38. N5e3 Nd6 39. Nd2 Rb7 40. Ndxc4
Nxc4 41. Bxc4 Bxc4 42. Nxc4 Kg7 43. Rd1 Be7 44. Nd6 Bxd6 45. Rxd6 Rc7 46. Kd3
a5 47. Kc4 a4 48. Kc5 Rb7 49. Rd2 Kg6 50. Kxc6 Rb8 51. c4 Kg5 52. c5 Kf4 53.
Rd3 Rxb2 54. Kd7 Rxa2 55. c6 Rc2 56. c7 1-0

[Event "Hastings Masters 2019/20"]
[Site "Hastings"]
[Date "2019.12.31"]
[Round "4.28"]
[White "Spanton, Tim R"]
[Black "Sucikova, Svetlana"]
[Result "1/2-1/2"]
[WhiteElo "1951"]
[BlackElo "2160"]
[PlyCount "140"]
[EventDate "2019.12.28"]
[EventType "swiss"]
[EventRounds "9"]
[EventCountry "ENG"]

1. e4 c6 2. d4 d5 3. Nc3 dxe4 4. Nxe4 Bf5 5. Ng3 Bg6 6. h4 h6 7. Nf3 Nd7 8. h5
Bh7 9. Bd3 Bxd3 10. Qxd3 e6 11. Bd2 Ngf6 12. O-O-O Be7 13. Ne4 Nxe4 14. Qxe4
Nf6 15. Qe2 Qd5 16. c4 Qe4 17. Qxe4 Nxe4 18. Be3 O-O 19. Ne5 Rfd8 20. g4 Rac8
21. Kb1 Bd6 22. f3 Ng5 23. Bxg5 hxg5 24. Rhe1 Rc7 25. Kc2 f6 26. Nd3 Kf7 27. c5
Bg3 28. Re4 Rcd7 29. Kc3 Rd5 30. Rd2 Bc7 31. b4 f5 32. Ne5+ Kf6 33. Ree2 Bb8
34. Kc4 Bc7 35. Kc3 Bb8 36. Kc4 a6 37. Kc3 Bc7 38. Kc4 Ra8 39. a4 Rad8 40. a5
Bb8 41. Kc3 Bc7 42. Kc4 Bxe5 43. Rxe5 Kf7 44. Kc3 Ke7 45. Rde2 Rxe5 46. Rxe5
Rf8 47. Kd3 fxg4 48. fxg4 Rf3+ 49. Re3 Rf1 50. Rh3 Rb1 51. Kc4 Rc1+ 52. Kd3 Ra1
53. Kc4 Rg1 54. h6 gxh6 55. Rxh6 Kd7 56. Rh7+ Kc8 57. Rh8+ Kc7 58. Rh7+ Kb8 59.
Rh8+ Ka7 60. Re8 Rxg4 61. Rxe6 Rg1 62. Re8 g4 63. Rg8 g3 64. Kb3 Rb1+ 65. Kc3
Rc1+ 66. Kb3 Rg1 67. Kc3 Rc1+ 68. Kb3 Rg1 69. Kc3 g2 70. Kb2 Rd1 1/2-1/2

[Event "Hastings Masters 2019/20"]
[Site "Hastings"]
[Date "2019.12.31"]
[Round "4.31"]
[White "Hutchinson, Paul A"]
[Black "Stoyanov, Viktor"]
[Result "0-1"]
[WhiteElo "2112"]
[BlackElo "2272"]
[PlyCount "146"]
[EventDate "2019.12.28"]
[EventType "swiss"]
[EventRounds "9"]
[EventCountry "ENG"]

1. d4 Nf6 2. Nf3 d5 3. Bf4 c5 4. e3 Nc6 5. c3 Qb6 6. Qb3 c4 7. Qxb6 axb6 8. Be2
Bf5 9. Nbd2 h6 10. O-O e6 11. a3 b5 12. h3 Nd7 13. Rfd1 Nb6 14. Nf1 Na5 15. Bc7
Na4 16. Bxa5 Rxa5 17. Rd2 Bd6 18. Bd1 Nb6 19. Rc1 Ke7 20. Ne1 g5 21. Ng3 Bg6
22. Nc2 h5 23. Nb4 Raa8 24. Bc2 Rag8 25. Re1 f5 26. Nf1 Nd7 27. Nh2 h4 28. Kh1
Bh5 29. Bd1 Nf6 30. f3 Bg3 31. Rg1 Bf7 32. Nf1 Bd6 33. Nc2 Rg7 34. Ne1 Be8 35.
Rf2 Bd7 36. Nc2 g4 37. Ne1 Rhg8 38. fxg4 Ne4 39. Rc2 Bg3 40. Nxg3 hxg3 41. Rf1
b4 42. axb4 Ba4 43. gxf5 exf5 44. Kg1 Bxc2 45. Bxc2 Ke6 46. Bb1 Nd2 47. Bxf5+
Ke7 48. Rf4 Ra8 49. Nc2 Ra2 50. e4 dxe4 51. Bxe4 Rf7 52. Rxf7+ Kxf7 53. Bh7
Rxb2 54. Ne3 Rb3 55. Nf1 Nxf1 56. Kxf1 Rxc3 57. Ke2 Rb3 58. Be4 Rxb4 59. Kd2 b5
60. Bc6 Rb2+ 61. Kc3 Rb3+ 62. Kc2 Ke6 63. h4 b4 64. h5 Rc3+ 65. Kb2 Rd3 66. h6
Rd2+ 67. Kc1 Rxd4 68. h7 Rh4 69. Be4 Ke5 70. Bb1 Rh2 71. Bg6 Kf6 72. Be4 Kg7
73. Kd2 Rxh7 0-1

[Event "Hastings Masters 2019/20"]
[Site "Hastings"]
[Date "2019.12.31"]
[Round "4.37"]
[White "Elwin, Adrian G"]
[Black "Gutierrez Carmona, Juan Alejandr"]
[Result "0-1"]
[WhiteElo "1986"]
[BlackElo "2146"]
[PlyCount "108"]
[EventDate "2019.12.28"]
[EventType "swiss"]
[EventRounds "9"]
[EventCountry "ENG"]

1. d4 d5 2. c4 e6 3. Nf3 Nf6 4. Nc3 Be7 5. Bg5 Nbd7 6. e3 h6 7. Bh4 O-O 8. Bd3
b6 9. cxd5 exd5 10. Rc1 Bb7 11. O-O Ne4 12. Bxe7 Qxe7 13. Ne2 c6 14. Qc2 Rfe8
15. Ng3 Rac8 16. Qe2 Rc7 17. Rfe1 g6 18. Nd2 Ndf6 19. Bxe4 dxe4 20. Nc4 c5 21.
Ne5 Rec8 22. Qd2 Rd8 23. Qc2 Rcc8 24. Qb3 Bd5 25. Qa4 Kg7 26. Ne2 cxd4 27. Rxc8
Rxc8 28. Qxd4 Bxa2 29. Ng4 Rc4 30. Qxf6+ Qxf6 31. Nxf6 Kxf6 32. Nc3 Bb3 33. f3
exf3 34. gxf3 Rb4 35. Re2 Ke6 36. Rd2 a5 37. Kf2 Bc4 38. Kg3 Rb3 39. h4 f5 40.
e4 fxe4 41. Nxe4 Bd5 42. Nc3 Bc6 43. Kg4 b5 44. Rf2 b4 45. Ne2 Ke5 46. f4+ Kf6
47. f5 Bd7 48. Ng3 gxf5+ 49. Kf4 Rd3 50. h5 Rd4+ 51. Ke3 Ke5 52. Ne2 Re4+ 53.
Kf3 Bb5 54. Ng3 Rf4+ 0-1

[Event "Hastings Masters 2019/20"]
[Site "Hastings"]
[Date "2019.12.31"]
[Round "4.45"]
[White "Wilson, Matthew R"]
[Black "Ortiz Sanchez, Luis"]
[Result "1-0"]
[WhiteElo "1837"]
[BlackElo "1947"]
[PlyCount "45"]
[EventDate "2019.12.28"]
[EventType "swiss"]
[EventRounds "9"]
[EventCountry "ENG"]

1. e4 c5 2. Nf3 Nc6 3. Bb5 e6 4. O-O Nge7 5. Re1 g6 6. c3 Bg7 7. d4 cxd4 8.
cxd4 Qb6 9. Bxc6 dxc6 10. Nc3 O-O 11. b3 Qa6 12. e5 c5 13. Ne4 cxd4 14. Bg5 Nd5
15. Nf6+ Kh8 16. Qd2 d3 17. Re4 Qc6 18. Rh4 h5 19. Rc1 Qb5 20. a4 Qxb3 21. g4
Qb4 22. gxh5 Nxf6 23. Qxb4 1-0

[Event "Hastings Masters 2019/20"]
[Site "Hastings"]
[Date "2019.12.31"]
[Round "4.46"]
[White "Gisbert Mir, Alejandro"]
[Black "Howell, Oliver W"]
[Result "0-1"]
[WhiteElo "1835"]
[BlackElo "1928"]
[PlyCount "76"]
[EventDate "2019.12.28"]
[EventType "swiss"]
[EventRounds "9"]
[EventCountry "ENG"]

1. d4 d5 2. c4 c6 3. Nf3 Nf6 4. e3 Bf5 5. Nc3 e6 6. Nh4 Bg4 7. Qb3 Qb6 8. c5
Qc7 9. h3 Bh5 10. g4 Bg6 11. Nxg6 hxg6 12. Bg2 Be7 13. Bd2 Nbd7 14. Qc2 b6 15.
b4 a5 16. bxa5 bxc5 17. dxc5 Nxc5 18. g5 Nfd7 19. f4 e5 20. O-O e4 21. Ne2 Nd3
22. Rab1 O-O 23. Nd4 Rfc8 24. h4 N7c5 25. Rb6 Qd7 26. Kh2 Qg4 27. Nxc6 Qxh4+
28. Kg1 Bd8 29. Nxd8 Rxd8 30. Rc6 Rdc8 31. Rxc8+ Rxc8 32. Rb1 Qf2+ 33. Kh1 Kh7
34. Rf1 Qh4+ 35. Kg1 Rb8 36. Rb1 Qf2+ 37. Kh2 Rxb1 38. Qxb1 Qxd2 0-1

[Event "Hastings Masters 2019/20"]
[Site "Hastings"]
[Date "2019.12.31"]
[Round "4.50"]
[White "Jennings, Richard"]
[Black "Verma, Shlok"]
[Result "1/2-1/2"]
[WhiteElo "1903"]
[BlackElo "1691"]
[PlyCount "101"]
[EventDate "2019.12.28"]
[EventType "swiss"]
[EventRounds "9"]
[EventCountry "ENG"]

1. d4 d5 2. Nf3 Nf6 3. Bf4 Bf5 4. Nh4 Bd7 5. e3 e6 6. Nd2 c5 7. c3 Nc6 8. Bd3
h6 9. Bg3 Be7 10. f4 Ne4 11. Nhf3 Nxg3 12. hxg3 Qc7 13. e4 O-O-O 14. Bb5 g5 15.
Bxc6 Bxc6 16. e5 Rdg8 17. O-O g4 18. Ne1 h5 19. Nd3 Bb5 20. Qe2 h4 21. Qe3 hxg3
22. a4 Bxd3 23. Qxd3 Rh6 24. Qxg3 Bh4 25. Qe3 g3 26. Rfc1 Rgh8 27. b4 Be7 28.
Kf1 Rh1+ 29. Ke2 Rxc1 30. Rxc1 cxb4 31. Nb3 Qc4+ 32. Kf3 Kb8 33. cxb4 Qxb4 34.
Qc3 Qxc3+ 35. Rxc3 Rh1 36. Kxg3 Bb4 37. Rc1 Rxc1 38. Nxc1 Bc3 39. Nb3 a5 40.
Kf3 b5 41. Ke3 bxa4 42. Nc1 Bb2 43. Na2 Kb7 44. g4 Kb6 45. Kd3 Ba3 46. Nc3 Bc1
47. f5 a3 48. Kc2 Be3 49. Kd3 Bc1 50. Kc2 Be3 51. Kd3 1/2-1/2

[Event "Hastings Masters 2019/20"]
[Site "Hastings"]
[Date "2019.12.31"]
[Round "4.56"]
[White "Damodaran, Patrick"]
[Black "Zheng, Harry Z"]
[Result "1-0"]
[WhiteElo "1388"]
[BlackElo "1705"]
[PlyCount "87"]
[EventDate "2019.12.28"]
[EventType "swiss"]
[EventRounds "9"]
[EventCountry "ENG"]

1. e4 e5 2. f4 d5 3. exd5 exf4 4. Nf3 Nf6 5. c4 c6 6. d4 Bb4+ 7. Bd2 Qe7+ 8.
Be2 cxd5 9. Qa4+ Nc6 10. O-O Bxd2 11. Nbxd2 O-O 12. Rfe1 Nxd4 13. Bd1 Nxf3+ 14.
Bxf3 Qc5+ 15. Kh1 Be6 16. cxd5 Nxd5 17. Bxd5 Qxd5 18. Qxf4 Rac8 19. Ne4 Rc2 20.
Qg3 Kh8 21. Qa3 Rd8 22. Qf3 Rxb2 23. Rad1 Qa5 24. Qc3 Rxd1 25. Rxd1 Rb1 26.
Rxb1 Qd5 27. Qd2 Qxd2 28. Nxd2 b6 29. Rc1 g6 30. Nb3 Bd5 31. Rd1 Be6 32. Rd8+
Kg7 33. Ra8 Kf6 34. Rxa7 Ke5 35. Rb7 Ke4 36. Rxb6 Bd5 37. a4 Ke3 38. a5 Kf2 39.
Rf6+ Ke1 40. Nc5 h5 41. a6 h4 42. h3 g5 43. a7 g4 44. Kh2 1-0

[Event "Hastings Masters 2019/20"]
[Site "Hastings"]
[Date "2019.12.31"]
[Round "4.58"]
[White "Varney, Zoe"]
[Black "Liu, Tianyi"]
[Result "1/2-1/2"]
[WhiteElo "2004"]
[BlackElo "1307"]
[PlyCount "115"]
[EventDate "2019.12.28"]
[EventType "swiss"]
[EventRounds "9"]
[EventCountry "ENG"]

1. e4 c5 2. c3 d5 3. exd5 Qxd5 4. d4 Nf6 5. Nf3 Nc6 6. Be2 e6 7. Be3 cxd4 8.
cxd4 Be7 9. Nc3 Qa5 10. O-O O-O 11. a3 Nd5 12. Nxd5 Qxd5 13. Rc1 Rd8 14. Bc4
Qd6 15. Qd2 Bf6 16. Rfd1 Ne7 17. Ng5 Nf5 18. Ne4 Qe7 19. Nxf6+ gxf6 20. d5 b6
21. Bh6 Bb7 22. Qf4 Nxh6 23. Qxh6 Bxd5 24. Rd4 f5 25. Rd3 Kh8 26. Bxd5 Rxd5 27.
Rxd5 exd5 28. h3 Rd8 29. Qf4 Qe6 30. Rc7 Ra8 31. Qd4+ Kg8 32. Rc3 f6 33. Re3
Qd6 34. Qd3 f4 35. Rf3 Re8 36. Qf5 Re4 37. g3 Qe5 38. Qg4+ Kf7 39. gxf4 Qe6 40.
Qh5+ Kg7 41. Rg3+ Kh8 42. Qh6 Qf7 43. Kf1 Rc4 44. f5 Rc2 45. b4 Rc6 46. h4 d4
47. Qf4 Qd7 48. Qg4 Rc8 49. Rd3 Rd8 50. h5 Qd5 51. Qh4 Qxf5 52. Rxd4 Rxd4 53.
Qxd4 Qh3+ 54. Kg1 Qxh5 55. Qxf6+ Kg8 56. Qd8+ Kg7 57. Qd4+ Kg8 58. Qd8+ 1/2-1/2

[Event "Hastings Masters 2019/20"]
[Site "Hastings"]
[Date "2020.01.01"]
[Round "5.1"]
[White "Petrov, Martin"]
[Black "Panchanathan, Magesh Chandran"]
[Result "0-1"]
[WhiteElo "2497"]
[BlackElo "2479"]
[PlyCount "156"]
[EventDate "2019.12.28"]
[EventType "swiss"]
[EventRounds "9"]
[EventCountry "ENG"]

1. e4 e5 2. Nf3 Nc6 3. Bc4 Nf6 4. d3 Be7 5. O-O O-O 6. Re1 d6 7. a4 Na5 8. Ba2
c5 9. Bd2 Nc6 10. Na3 h6 11. Nc4 Be6 12. h3 Re8 13. Ne3 Bxa2 14. Rxa2 d5 15.
exd5 Nxd5 16. Nc4 Bf6 17. Ra1 Qd7 18. Nh2 Bg5 19. Bxg5 hxg5 20. Qg4 Qxg4 21.
Nxg4 f6 22. Nge3 Ndb4 23. Rad1 Rad8 24. Rd2 Rd7 25. Red1 Kf7 26. c3 Na6 27. Nc2
Red8 28. g3 Nc7 29. Kg2 Kg6 30. Ne1 Ne8 31. Nc2 b6 32. Kf3 Nc7 33. N2a3 Ne6 34.
a5 bxa5 35. Nc2 Rh8 36. Kg2 Rb8 37. Ne1 Nc7 38. Ra1 Rb5 39. Na3 Rb6 40. Nc4 Ra6
41. Nc2 Nd5 42. Kf3 a4 43. N2e3 Nce7 44. Rdd1 Nb6 45. Ke2 Nf5 46. Nxf5 Kxf5 47.
Ne3+ Ke6 48. Ra3 Rd8 49. Rb1 Ra5 50. c4 Rh8 51. b4 cxb4 52. Rxb4 Kd6 53. Rb1
Kc5 54. Nf1 Rxh3 55. Nd2 Kc6 56. Rba1 Rh8 57. Ne4 Rd8 58. g4 Rd4 59. f3 Rd8 60.
Ke3 Ra8 61. R1a2 Nd7 62. Rxa4 Rxa4 63. Rxa4 a5 64. Ra3 Nc5 65. Nc3 a4 66. Kd2
Rd8 67. Ne4 Ra8 68. Nxc5 Kxc5 69. Kc3 g6 70. Ra2 f5 71. Re2 Kd6 72. Kb4 Rh8 73.
Kxa4 Rh3 74. gxf5 gxf5 75. Rg2 Rxf3 76. Rxg5 Kc5 77. Ka5 Rxd3 78. Ka6 Rf3 0-1

[Event "Hastings Masters 2019/20"]
[Site "Hastings"]
[Date "2020.01.01"]
[Round "5.2"]
[White "Merry, Alan B"]
[Black "Edouard, Romain"]
[Result "0-1"]
[WhiteElo "2420"]
[BlackElo "2653"]
[PlyCount "146"]
[EventDate "2019.12.28"]
[EventType "swiss"]
[EventRounds "9"]
[EventCountry "ENG"]

1. d4 Nf6 2. c4 e6 3. g3 c5 4. d5 exd5 5. cxd5 d6 6. Bg2 g6 7. Nc3 Bg7 8. Nf3
O-O 9. O-O Nbd7 10. Re1 Ng4 11. Bg5 f6 12. Bf4 Nge5 13. Nxe5 Nxe5 14. Bxe5 fxe5
15. h4 g5 16. hxg5 Qxg5 17. Qd3 Bd7 18. Be4 h5 19. Kg2 h4 20. Rh1 h3+ 21. Kg1
Bh6 22. Rf1 Rf7 23. Kh2 Raf8 24. f3 Rg7 25. Rhg1 a6 26. a4 Qd8 27. b3 Qa5 28.
Nd1 b5 29. Ne3 bxa4 30. bxa4 Qxa4 31. Nf5 Bxf5 32. Bxf5 Qd4 33. Kxh3 c4 34.
Be6+ Kh8 35. Qxd4 exd4 36. f4 c3 37. Rh1 Rc7 38. Kg4 Kg7 39. Kf3 c2 40. Ke4 Rc3
41. Kxd4 Rxg3 42. e3 Rb8 43. Rhg1 Bxf4 44. Kc3 Rb1 45. Rxg3+ Bxg3 46. Rf7+ Kg6
47. Kxc2 Ra1 48. Kb3 a5 49. Ra7 Be1 50. Bd7 Kf6 51. Bc6 Bb4 52. Ra8 Ra3+ 53.
Kc4 Rxe3 54. Rf8+ Kg7 55. Rf4 Ra3 56. Kb5 Ra1 57. Kc4 Kg6 58. Rf8 Bc5 59. Kc3
a4 60. Bb5 a3 61. Rf1 Ra2 62. Bd3+ Kg5 63. Bc2 Bd4+ 64. Kxd4 Rxc2 65. Rf8 a2
66. Ra8 Kf4 67. Rf8+ Kg3 68. Ra8 Kf2 69. Ke4 Ke1 70. Kd3 Kd1 71. Ra7 Kc1 72.
Ra8 Kb1 73. Ra7 Rh2 0-1

[Event "Hastings Masters 2019/20"]
[Site "Hastings"]
[Date "2020.01.01"]
[Round "5.4"]
[White "Wadsworth, Matthew J"]
[Black "Sengupta, Deep"]
[Result "1/2-1/2"]
[WhiteElo "2401"]
[BlackElo "2564"]
[PlyCount "74"]
[EventDate "2019.12.28"]
[EventType "swiss"]
[EventRounds "9"]
[EventCountry "ENG"]

1. Nf3 Nf6 2. g3 b6 3. Bg2 Bb7 4. c4 e6 5. b3 Be7 6. Bb2 O-O 7. O-O d5 8. e3 c5
9. Nc3 dxc4 10. bxc4 Nc6 11. Qe2 Rc8 12. Rfd1 Qc7 13. Rab1 Rfd8 14. d3 Qb8 15.
Ba1 Qa8 16. Ne1 Nb4 17. a3 Bxg2 18. Nxg2 Nc6 19. f4 Rd7 20. g4 Rcd8 21. g5 Ne8
22. Ne4 Na5 23. Nf2 Qc6 24. Bc3 Qa4 25. Nh4 Nc6 26. Qb2 Bf8 27. Qb5 Qxb5 28.
cxb5 Ne7 29. Nf3 f6 30. gxf6 gxf6 31. Kf1 Nd5 32. Bd2 Bd6 33. Ke2 Bc7 34. Rg1+
Rg7 35. Ne4 Rxg1 36. Rxg1+ Kf7 37. a4 Nd6 1/2-1/2

[Event "Hastings Masters 2019/20"]
[Site "Hastings"]
[Date "2020.01.01"]
[Round "5.5"]
[White "Bagi, Mate"]
[Black "Stany, GA"]
[Result "1/2-1/2"]
[WhiteElo "2469"]
[BlackElo "2526"]
[PlyCount "127"]
[EventDate "2019.12.28"]
[EventType "swiss"]
[EventRounds "9"]
[EventCountry "ENG"]

1. e4 c5 2. Nf3 d6 3. d4 Nf6 4. Nc3 cxd4 5. Qxd4 a6 6. e5 Nc6 7. Qa4 Ng4 8.
exd6 Qb6 9. Nd1 Qb4+ 10. Qxb4 Nxb4 11. Bd3 Nxd3+ 12. cxd3 exd6 13. Bf4 Be7 14.
Nc3 Nf6 15. Nd4 Be6 16. Kd2 Kd7 17. a4 Rac8 18. Rhe1 Bd8 19. Bg5 h6 20. Bxf6
Bxf6 21. Nxe6 fxe6 22. Ne2 Rc6 23. Rab1 Rf8 24. f4 e5 25. g3 Rfc8 26. Rec1 Rxc1
27. Rxc1 exf4 28. Nxf4 Bxb2 29. Rb1 Bc3+ 30. Ke3 Re8+ 31. Kf3 Rb8 32. Nd5 Ba5
33. Ke4 b5 34. axb5 Rxb5 35. Rf1 Bd8 36. d4 a5 37. g4 Ke8 38. Rf3 Rb1 39. h3
Re1+ 40. Kd3 Kd7 41. Kc4 Kc6 42. Rf8 Rc1+ 43. Nc3 Bf6 44. Ra8 d5+ 45. Kd3 Rh1
46. Ra6+ Kb7 47. Rxa5 Rxh3+ 48. Kc2 Bxd4 49. Ne2 Bf6 50. Rxd5 Rh2 51. Kd3 Rh4
52. Rb5+ Kc6 53. Rb4 h5 54. Rc4+ Kb5 55. Nd4+ Bxd4 56. Rxd4 Kc5 57. Rf4 Kd6 58.
Ke4 g5 59. Rf6+ Ke7 60. Rg6 Rxg4+ 61. Kf5 Rg3 62. Rxg5 h4 63. Rh5 h3 64. Kf4
1/2-1/2

[Event "Hastings Masters 2019/20"]
[Site "Hastings"]
[Date "2020.01.01"]
[Round "5.6"]
[White "Korneev, Oleg"]
[Black "Flear, Glenn C"]
[Result "1/2-1/2"]
[WhiteElo "2524"]
[BlackElo "2440"]
[PlyCount "95"]
[EventDate "2019.12.28"]
[EventType "swiss"]
[EventRounds "9"]
[EventCountry "ENG"]

1. e4 e5 2. Nf3 Nc6 3. Bb5 a6 4. Ba4 Nf6 5. O-O Be7 6. Re1 b5 7. Bb3 d6 8. c3
O-O 9. h3 Na5 10. Bc2 c5 11. d4 Qc7 12. d5 Bd7 13. b3 g6 14. Bh6 Rfc8 15. Nbd2
c4 16. b4 Nb7 17. Nf1 a5 18. a3 Nh5 19. Ng3 Nxg3 20. fxg3 Nd8 21. Qd2 f6 22.
Be3 Nf7 23. g4 Ra6 24. Rad1 axb4 25. axb4 Ra2 26. Qc1 Rf8 27. Rf1 Qb7 28. Bb1
Ra1 29. Kh2 Qa8 30. Rde1 Kg7 31. Qd2 Qb7 32. g5 Raa8 33. gxf6+ Bxf6 34. Ng5
Nxg5 35. Bxg5 Bxg5 36. Qxg5 Qc7 37. Qe7+ Kg8 38. Bc2 Rae8 39. Rxf8+ Rxf8 40.
Ra1 Rf7 41. Ra8+ Kg7 42. Qg5 Qb6 43. Bd1 Rf1 44. Qe7+ Kh6 45. Rf8 Rxd1 46. Qh4+
Kg7 47. Qf6+ Kh6 48. Qh4+ 1/2-1/2

[Event "Hastings Masters 2019/20"]
[Site "Hastings"]
[Date "2020.01.01"]
[Round "5.7"]
[White "Bates, Richard A"]
[Black "Swayams, Mishra"]
[Result "1/2-1/2"]
[WhiteElo "2342"]
[BlackElo "2479"]
[PlyCount "28"]
[EventDate "2019.12.28"]
[EventType "swiss"]
[EventRounds "9"]
[EventCountry "ENG"]

1. d4 Nf6 2. Nf3 e6 3. c4 d5 4. g3 dxc4 5. Bg2 Bd7 6. Ne5 Bc6 7. Nxc6 Nxc6 8.
Qa4 Qd7 9. O-O Nxd4 10. Qxc4 b5 11. Qd3 Rd8 12. Be3 e5 13. Nc3 c5 14. Bxd4 cxd4
1/2-1/2

[Event "Hastings Masters 2019/20"]
[Site "Hastings"]
[Date "2020.01.01"]
[Round "5.8"]
[White "Howell, David W L"]
[Black "Williams, Simon K"]
[Result "1-0"]
[WhiteElo "2676"]
[BlackElo "2461"]
[PlyCount "101"]
[EventDate "2019.12.28"]
[EventType "swiss"]
[EventRounds "9"]
[EventCountry "ENG"]

1. Nf3 f5 2. d3 Nc6 3. d4 e6 4. g3 Nf6 5. Bg2 d5 6. O-O Be7 7. c4 Ne4 8. Nc3
O-O 9. cxd5 exd5 10. Qb3 Kh8 11. Kh1 Bf6 12. Qxd5 Nxd4 13. Nxd4 Bxd4 14. Qxd8
Rxd8 15. Nxe4 fxe4 16. Bxe4 Re8 17. f3 c6 18. Rd1 Bf6 19. Rb1 Be6 20. b3 a5 21.
Bb2 a4 22. Bxf6 gxf6 23. bxa4 Re7 24. Rb4 Bxa2 25. Rd2 Bf7 26. Kg2 Kg7 27. Kf2
Bg6 28. Bxg6 hxg6 29. h4 Kf7 30. e4 Ra5 31. g4 Ke6 32. Kg3 Rc7 33. Rd8 c5 34.
Rc4 Rd7 35. Rc8 b6 36. g5 fxg5 37. hxg5 Rd6 38. Rc7 Rd7 39. Rc6+ Rd6 40. Rc7
Rd7 41. Rxd7 Kxd7 42. f4 Ke6 43. Kg4 Ra8 44. f5+ Ke5 45. fxg6 Ke6 46. Rc1 Rxa4
47. Kh5 Ra2 48. Rh1 b5 49. g7 Kf7 50. Kh6 Kg8 51. Rf1 1-0